Το διαβατήριο : διήγηματα
Αποθηκεύτηκε σε:
| Κύριος συγγραφέας: | |
|---|---|
| Μορφή: | Βιβλίο |
| Γλώσσα: | Greek |
| Δημοσίευση: |
Αθήνα :
Ελευθερουδάκης,
1974
|
| Έκδοση: | 4η έκδ. |
| Θέματα: | |
| Ετικέτες: |
Προσθήκη ετικέτας
Δεν υπάρχουν, Καταχωρήστε ετικέτα πρώτοι!
|
MARC
| LEADER | 00000cam a2200000 i 4500 | ||
|---|---|---|---|
| 001 | 1/24498 | ||
| 008 | 950619s1974 gre d | ||
| 035 | |l 10022302 | ||
| 040 | |a GR-MY-UA |b gre |e aacr | ||
| 041 | 0 | |a gre | |
| 082 | 0 | |a 889.3 | |
| 100 | 1 | |a Σαμαράκης, Αντώνης Ευρ., |d 1919-2003. | |
| 245 | 1 | 3 | |a Το διαβατήριο : |b διήγηματα / |c Αντώνης Σαμαράκης |
| 250 | |a 4η έκδ. | ||
| 260 | |a Αθήνα : |b Ελευθερουδάκης, |c 1974 | ||
| 500 | |a Το Παράρτημα Λέσβου διαθέτει την 7η έκδοση. | ||
| 650 | 0 | 0 | |a Greek literature, Modern |y 20th century. |
| 852 | |a INST |b CHIOS |e 19950619 |h 889.3 ΣΑΜ |p 005200001810 |q 005200001810 |t BK |y 0 | ||
| 852 | |a INST |b LESVOS |e 20190115 |h 889.3 ΣΑΜ |p 005100062050 |q 005100062050 |t BK |y 0 | ||
| 909 | |a Χ |b 016298 | ||